CIS index to unpublished US House of Representatives committee hearings, 1937-1946.

Bibliographic Details
Corporate Author: Congressional Information Service
Format: Book
Language:English
Published: Bethesda, MD, U.S.A. : Congressional Information Service, [1990]
Subjects:

MARC

Tag First Indicator Second Indicator Subfields
LEADER 00000cam a2200000 a 4500
001 in00001300913
005 20151005050618.0
008 910312s1990 mdu i 000 0 eng
010 |a  91128268  
019 |a 28560549 
020 |a 0886921961 
035 |a (OCoLC)22753973 
035 |9 AHA3400AM 
040 |a DLC  |c DLC  |d TXA  |d UtOrBLW 
043 |a n-us--- 
049 |a TXAM 
050 0 0 |a KF40  |b .C54 1990 
082 0 0 |a 348.73/01  |a 347.3081  |2 20 
245 0 0 |a CIS index to unpublished US House of Representatives committee hearings, 1937-1946. 
264 1 |a Bethesda, MD, U.S.A. :  |b Congressional Information Service,  |c [1990] 
264 4 |c ©1990 
300 |a 2 volumes ;  |c 29 cm. 
336 |a text  |b txt  |2 rdacontent 
337 |a unmediated  |b n  |2 rdamedia 
338 |a volume  |b nc  |2 rdacarrier 
505 0 |a [1] Reference bibliography -- [2] Indexes. 
610 1 0 |a United States.  |b Congress.  |b House  |x Committees  |x Indexes. 
650 0 |a Legislative hearings  |z United States  |v Indexes. 
710 2 |a Congressional Information Service. 
730 0 |a Unpublished U.S. House of Representatives committee hearings. 
999 |a MARS 
999 f f |s 89c137ee-b4c1-35ce-aa0a-15f10297d01d  |i 2746f15a-f23b-33dd-9f85-55e2e0cdf9b7  |t 0 
952 f f |p storage  |a Texas A&M University  |b J.J. Pickle Campus  |c High Density Repository  |d Remote Storage  |t 0  |e KF40 .C54 1990  |h Library of Congress classification  |i unmediated -- volume  |k v.2  |m A14819945565 
952 f f |p storage  |a Texas A&M University  |b J.J. Pickle Campus  |c High Density Repository  |d Remote Storage  |t 0  |e KF40 .C54 1990  |h Library of Congress classification  |i unmediated -- volume  |k v.1  |m A14819945573 
998 f f |a KF40 .C54 1990  |s v.1-v.2  |t 0  |l Remote Storage